000 01115nam a2200277 a 4500
001 000022928
005 20200930021857.0
008 101123s1974 ag a r 001 0 spa d
040 _aDO-SdBNP
_bspa
_cBNPHU
041 1 7 _aspa
_heng
_2Código de idiomas MARC
082 _a621.381
_bF248m
100 1 _aFasal, John H.,
_947139
240 1 0 _aSimplified electronics measurements.
_lEspañol.
245 1 0 _aMediciones electrónicas simplificadas :
_bcómo obtener más con equipo de medición de bajo costo /
_cJohn H. Fasal ; traducción de Carlos Miraglia.
260 _aBuenos Aires :
_bGLEM,
_c1974.
300 _a155 p. :
_bil. ;
_c23 cm.
490 1 _aAlianza para el progreso
500 _aIncluye índice
504 _aIncluye referencias bibliográficas y notas al pie de las páginas.
534 _pTítulo original en inglés:
_tSimplified electronics measurements.
_cHayden Book, 1971.
650 4 _aElectrónica
_xMediciones
_947140
650 4 _aElectrónica
_xAparatos e instrumentos
_947141
700 1 _aMiraglia, Carlos,
_etr.
_947142
830 0 _aAlianza para el progreso
_941672
049 _aBNGR
999 _c22425
_d22425